00268nam a22001097a 4500020001800000040000900018082001200027100001600039245003200055260004100087650003000128 a9784766116304 cNUST a747 SUP aUra, Kazuya a Super Interior Renovations aTokyo, bArchitectural Press,c2005. aInterior Decoration Japan